01072cam a22002771 4500001001300000003000400013005001700017008004100034010001700075035001900092040004800111041001400159042001200173050002400185082001200209111010800221245004700329260004400376300005500420500003600475500013000511504002900641650005700670650005000727999001700777pa 62000003 DLC20260227111855.0770520s1961 dcuab b 100 0 eng c apa 62000003  a(OCoLC)2981902 aPan American Union LibrarycNbUdOCoLCdDLC0 aengporspa apremarc00aTK9006b.I475 1960c a621.4892 aInter-American Symposium on the Peaceful Application of Nuclear Energyn(3rd :d1960 :cRio de Janeiro)10aIndustrial applications of nuclear energy. aWashington,bPan American Union,c1961. axi, 369 p.billus., maps, diagrs., tables.c28 cm. aEnglish, Portuguese or Spanish. aHeld under the auspices of the Inter-American Nuclear Energy Commission and the National Nuclear Energy Commission of Brazil. aIncludes bibliographies. 0aNuclear energyxResearchxInternational cooperation. 0aNuclear energyxEconomic aspectsvCongresses. c51488d51488